A-Z Geography: containing "din" - Statistics

General Stats
  • This quiz has been taken 7 times
  • The average score is 7 of 26
Answer Stats
Clue Place % Correct
E The Scottish capital city (9) Edinburgh
100%
S Fishy island just off Italy (8) Sardinia
83%
G Archipelago near St. Vincent (10) Grenadines
83%
D City on the South Island of New Zealand, with a Gaelic name (7) Dunedin
67%
U Italian city where you eat (5) Udine
67%
M Saudi city where a median value is observed (6) Medina
50%
H Part of Leeds with a well-known cricket ground (10) Headingley
33%
R Berkshire town where books may be popular (7) Reading
33%
T Rich part of Richmond near Twickenham, mentioned in a Benny Hill song (10) Teddington
33%
V Old Joe's van on a first visit to Serbian province (9) Vojvodina
33%
A A good place for arithmetic in Buckinghamshire (9 letters) Addington
17%
B A strange do in final meeting place in China (7) Baoding
17%
C Global body make noise - cram backwards into a region of Colombia (12) Cundinamarca
17%
F Hampshire town where crossing the river by wading and by road both seem to be possible (13) Fordingbridge
17%
K A poet in river, mother leaves Dutch AZ team for a transfer to Russian Republic (15) Kabardino-Balkar
17%
O Parish of Andorra where an open-topped racecar with rollbar may be seen (6) Ordino
17%
W Canadian mountain and Monopoly manufacturer (10) Waddington
17%
Y SW Fujian district, land which many ethnic Hakka and She settlements are found on (8) Yongding
17%
I What a noise before the war dance; a strange air of town near the southern tip of India (12) Idinthakarai
0%
J Me and you injure back section of legs on solo ascent of Chinese mountain (11) Jiuding Shan
0%
L The Spanish go back to bed, as I add some Kelvin to an explosion at a suburb in Kyrgyzstan (11) Lebedinovka
0%
N Village in Mali where an initial gain is quickly reversed (9) Niagadina
0%
P Pin notes up in Chinese city (12) Pingdingshan
0%
Q Brazilian town where it's best to give up and just chuckle at the whole thing (11) Quitandinha
0%
X Ancient locale in Gozo; usually called Ta' ____ (6) Xurdin
0%
Z The last we hear of a Chinese county and suburb of Shijiazhuang (9) Zhengding
0%
No matching quizzes found
Score Distribution
Percent of People with Each Score
Percentile by Number Answered
Your Score History
You have not taken this quiz